000 00605nam a22001457a 4500
020 _a978-81-7223-539-0
082 _a823
_bCOE/P
100 _aCOELHO, PAULO
245 _aTHE PILGRIMAGE
260 _aLONDON
_bHARPER COLLINS
_c1997
300 _a226
520 _aThe story begins in 1986 when Coelho undertakes his initiation into the order Regnus Agnus Mundi (RAM), which he subsequently fails. He is then told that he must embark on a pilgrimage along the Camino de Santiago to find the sword that is the symbol of his acceptance into the ranks of RAM.
650 _aNOVEL
_zUNITED KINGDOM
942 _cBK
999 _c2942
_d2942